UM Logo
Normal view MARC view
  • Colander, David C., author

Entry Personal Name

Number of records used in: 1

001 - CONTROL NUMBER

  • control field: 44778

003 - CONTROL NUMBER IDENTIFIER

  • control field: OSt

005 - DATE AND TIME OF LATEST TRANSACTION

  • control field: 20220316114753.0

008 - FIXED-LENGTH DATA ELEMENTS

  • fixed length control field: 220316|| aca||aabn | a|a d

040 ## - CATALOGING SOURCE

  • Original cataloging agency: OSt
  • Transcribing agency: OSt

100 ## - HEADING--PERSONAL NAME

  • Personal name: Colander, David C., author

670 ## - SOURCE DATA FOUND

  • Source citation: Work cat.: (OSt): Colander, David C., author, Macroeconomics/, ©2020.